Kjótsky protokol a obchodovanie s emisiami

Charakteristika prvého obdobia obchodovania s emisiami, ktoré trvalo tri roky. Záväzok Európskej únie ako celku znížiť emisie o 8 percent. Obchodovanie s emisiami. Národný systém inventúry skleníkových plynov. Národný register emisných kvót. Modelový príklad obchodovania s emisiami. Národný alokačný...

Descrizione completa

Salvato in:
Dettagli Bibliografici
Autore principale: Klieštik, Tomáš
Natura: Capitolo di libro
Lingua:slovacco
Soggetti:
Tags: Aggiungi Tag
Nessun Tag, puoi essere il primo ad aggiungerne!!

MARC

LEADER 00000naa$a2200000$$$4500
001 0091469
005 20231103071508.4
041 0 |a slo 
044 |a SK 
245 1 0 |a Kjótsky protokol a obchodovanie s emisiami  |c Tomáš Klieštik 
520 |a Charakteristika prvého obdobia obchodovania s emisiami, ktoré trvalo tri roky. Záväzok Európskej únie ako celku znížiť emisie o 8 percent. Obchodovanie s emisiami. Národný systém inventúry skleníkových plynov. Národný register emisných kvót. Modelový príklad obchodovania s emisiami. Národný alokačný plán - transparentné prideľovanie povolení emisie skleníkových plynov. Alokované kvóty a verifikované emisie za rok 2007 a 2008. 
610 2 0 |a ochrana prostredia životného 
610 2 0 |a ochrana ovzdušia 
610 2 0 |a emisie 
610 2 0 |a obchod 
610 2 0 |a firmy 
610 2 0 |a spolupráca hospodárska medzinárodná 
610 2 0 |a zmluvy medzinárodné 
610 2 0 |a Európska únia 
100 1 |a Klieštik, Tomáš